| 000 | 00894nam a2200265 i 4500 | ||
|---|---|---|---|
| 001 | bgj | ||
| 100 | 1 | _aKLIPPEL, Friederike | |
| 245 | 1 | 0 |
_aKeep talking : _bcommunicative fluency activities for language teaching / _cFriederike Klippel. |
| 250 | _a[11th print.]. | ||
| 260 |
_aCambridge : _bCambridge University Press, _c1993. |
||
| 300 |
_a202 pp : _btables ; _c24 cm. |
||
| 490 | 1 | _aCambridge Handbooks for Language Teachers | |
| 504 | _aBibliography p. 199-202. | ||
| 650 | 9 |
_aEnglish language _xSpoken English |
|
| 650 | 9 |
_aEnglish language _xStudy and teaching |
|
| 650 | 9 |
_aEnglish language _xForeign speakers |
|
| 650 | 9 |
_aEnglish language _xProblems, exercises, etc. |
|
| 830 | _aCambridge Handbooks for Language Teachers | ||
| 020 | _a0521278716 | ||
| 040 | _cBPK | ||
| 041 | 0 | _aeng | |
| 920 | _a0-521-27871-6 | ||
| 942 | _cKS | ||
| 008 | s uk f |000 0 eng | ||
| 999 |
_c47745 _d47745 |
||
| 856 |
_uhttp://koha.tu.koszalin.pl/cgi-bin/koha/opac-detail.pl?biblionumber=47745 _yKatalog online BPK |
||